Ben Bir Gürgen Dalıyım (Record no. 2834)

000 -LEADER
fixed length control field 00516nam a22001817a 4500
008 - FIXED-LENGTH DATA ELEMENTS--GENERAL INFORMATION
fixed length control field 180212b xxu||||| |||| 01| |dtur d
020 ## - INTERNATIONAL STANDARD BOOK NUMBER
International Standard Book Number 9789750506390
041 ## - LANGUAGE CODE
Language code of text/sound track or separate title Türkçe
050 ## - LIBRARY OF CONGRESS CALL NUMBER
Classification number PL248.T68
100 ## - MAIN ENTRY--PERSONAL NAME
9 (RLIN) 1084
Personal name Toptaş, Hasan Ali
245 ## - TITLE STATEMENT
Title Ben Bir Gürgen Dalıyım
250 ## - EDITION STATEMENT
Edition statement 1. Baskı
260 ## - PUBLICATION, DISTRIBUTION, ETC.
Place of publication, distribution, etc. İstanbul
Name of publisher, distributor, etc. İletişim Yayınları
Date of publication, distribution, etc. 2009
300 ## - PHYSICAL DESCRIPTION
Extent 98 Sayfa
500 ## - GENERAL NOTE
General note İletişim Yayınları: 1356; Çağdaş Türkçe Edebiyat: 189
650 #0 - SUBJECT ADDED ENTRY--TOPICAL TERM
9 (RLIN) 145
Topical term or geographic name entry element Türk Edebiyatı
942 ## - ADDED ENTRY ELEMENTS (KOHA)
Source of classification or shelving scheme
Koha item type Books
Holdings
Withdrawn status Lost status Source of classification or shelving scheme Damaged status Not for loan Permanent Location Current Location Shelving location Date acquired Full call number Barcode Date last seen Price effective from Koha item type
        Ödünç verilemez İmren Ahmet Tüzün Kütüphanesi İmren Ahmet Tüzün Kütüphanesi Ahmet Tüzün 2018-12-18 PL248.T68 100100002785 2018-12-18 2018-12-18 Books

This software was implemented, installed and managed by Devinim Software Training Consulting .